La incapacidad permanente accin̤ protectora, calificacin̤ y revisin̤ /

Bibliographic Details
Main Author: Lp̤ez Gandia, Juan
Other Authors: Romero Rodenas, Mara̕ Jos,̌ (coaut.)
Format: Book
Language:Spanish
Published: Albacete : Bomarzo, 2011.
Subjects:
Online Access:Acceso restringido

MARC

LEADER 00000nam a2200000 i 4500
005 20120917164759.0
007 cr|||| ||||
008 110304s2011 sp 000 0 spa d
020 |a 9788415000204 
035 |a 6678 
040 |a BUS  |d vLex 
090 |c 3425  |d 3425 
100 1 |a Lp̤ez Gandia, Juan. 
245 1 3 |a La incapacidad permanente   |h [Recurso electrn̤ico] :  |b accin̤ protectora, calificacin̤ y revisin̤ /  |c Juan Lp̤ez Ganda̕, Ma. Jos ̌Romero Rodenas. 
256 |a Servicio en ln̕ea 
260 |a Albacete :  |b Bomarzo,  |c 2011. 
300 |a 1 recurso electrn̤ico 
506 1 |a Contenido solo disponible ne los productos indicados  |d vLex Global   |d vLex Global (Academic Edition, excluding Law Schools)   |d vLex Global (U.S. Academic Edition, Law Schools)   |d vLex Global (U.S. Academic Edition, excluding Law Schools)   |d vLex Global (Academic Edition, Law Schools)  
650 0 4 |a Invalidez  |x Evaluacion  |x Derecho  |z Espaą. 
650 0 4 |a Incapacidad (Derecho)  |z Espaą. 
700 1 |a Romero Rodenas, Mara̕ Jos,̌  |e coaut. 
740 0 |a vLex Libros (Servicio en ln̕ea) 
856 4 0 |u http://vlex.com/source/incapacidad-permanente-accion-protectora-calificacion-revision-6678  |z Acceso restringido 
942 |c BOOK 
999 0 |a Disabilities 
999 0 |a Insurance, Disability